000 00239nam a2200097Ia 4500
008 190216s9999||||xx |||||||||||||| ||und||
100 _aKedhur Nath
245 0 _aHindi-Prasad Ki Kalyaniyam
260 _bMac Millian And Com. Ltd
942 _cBK
999 _c18154
_d18154